Geography Quiz

Random Geography or State Quiz

United States of Sporcle Quiz Stats

 Plays Quiz Updated Nov 5, 2014

Challenge
Share
Tweet
Embed
Score 0/50 Timer 08:00
0 Plays Today
Clue State % Correct
State with the highest percentage of Spanish speakers (43%)New Mexico
81.1%
The Mirage casino is in this stateNevada
80.8%
State with the largest Jewish populationNew York
76.8%
State that is the largest producer of maple syrupVermont
71.8%
Motown Records' stateMichigan
71.4%
The Rock and Roll Hall of Fame is in this stateOhio
69.7%
State that contains the consonants h, m, n, p, r, s, and wNew Hampshire
68.1%
The Johnson Space Center is located in this stateTexas
67.9%
King Kamehameha I Day is observed in this stateHawaii
67.9%
Only state that ends with a 'G'Wyoming
67.7%
Characters Curly McLain and Laurey Williams star in a musical named for this stateOklahoma
62.1%
State where 'To Kill a Mockingbird' takes placeAlabama
61.5%
This state has hosted the most Super BowlsFlorida
61.2%
'South Park' is set in this stateColorado
60.3%
The 'Field of Dreams' can be found in this stateIowa
59.5%
The properties in the U.S. standard version of Monopoly are named for a city in this stateNew Jersey
59.1%
State that shares a name with 'Dust in the Wind' bandKansas
58.8%
The Battle of Fort Sumter happened in this stateSouth Carolina
56.5%
State where you'll find Badlands National ParkSouth Dakota
56.3%
The 'Twilight' series takes place in this stateWashington
55.4%
Until its demolition in 2014, the Metrodome was in this stateMinnesota
53.5%
Stephen King's home stateMaine
52.6%
State named after the Ojibwe phrase for 'great river'Mississippi
51.6%
State that's an anagram for 'that rad nook'North Dakota
49.7%
ESPN's headquarters are in this stateConnecticut
49.7%
Clue State % Correct
The first state to have an element named after itCalifornia
48.3%
The Osmonds call this state homeUtah
47.8%
The Gunfight at the O.K. Corral occurred in this stateArizona
47.6%
Bunker Hill Day is observed in this stateMassachusetts
47%
Custer's Last Stand took place in this stateMontana
45.5%
Hasbro headquarters are located in this northeastern stateRhode Island
43.4%
'The Wire' is set in this stateMaryland
43%
Seward Day is observed in this stateAlaska
42.2%
Due to its General Corporation Law, over 50% of U.S. publicly-traded corporations are incorporated in this stateDelaware
40.6%
'Parks and Recreation' is set in this stateIndiana
39.9%
President Harry Truman's home stateMissouri
38.5%
'The Green Mile' and 'Steel Magnolias' are set in this stateLouisiana
37.6%
The Bonnaroo Music Festival takes place in this stateTennessee
37.1%
The annual 'Run for the Roses' takes place in this stateKentucky
36.9%
Jack Dawson of 'Titanic' was from Chippewa Falls in this stateWisconsin
35.6%
Creighton University is in this stateNebraska
35.2%
Missing letters state: _ _ O _ _ I _Georgia
31.6%
This state's two largest universities play an annual football game nicknamed the 'Civil War'Oregon
30.7%
The Tidewater region is in this stateVirginia
29.8%
Rev. Billy Graham's home stateNorth Carolina
27.6%
State where religious leader Joseph Smith was killedIllinois
27.4%
Nampa is this state's second most populous cityIdaho
26.6%
'Wild and Wonderful' state with the most car-deer collisionsWest Virginia
25.6%
State where you'll find Crater of Diamonds State ParkArkansas
24.4%
State where Salk developed the first effective Polio vaccinePennsylvania
15.9%

You're not logged in!

Compare scores with friends on all Sporcle quizzes.
OR
Log In

You Might Also Like...

Show Comments

Extras

Top Quizzes Today


Score Distribution

Your Account Isn't Verified!

In order to create a playlist on Sporcle, you need to verify the email address you used during registration. Go to your Sporcle Settings to finish the process.

Report this User

Report this user for behavior that violates our Community Guidelines.

Details: